000 01611nam a2200493 i 4500
001 21480
003 KOSZ 005
005 20200228150329.0
008 000811s1978 pl a f |000 0 pol
015 _aPB 1979/5499
035 _a991014497139705066
035 _a(PL-WaBN)b13898401-48omnis_nlop
035 _ab13898401
035 _a(OCoLC)805251939
035 _a(PL)b0000001389840
035 _a(EXLNZ-48OMNIS_NETWORK)9910233317305606
040 _aWA N
_cWA N
_dKOSZ 005/EG
041 0 _apol
080 _a666.9
080 _a(075.8)
100 1 _aPiasta, Jerzy
_eAutor
245 1 0 _aLaboratorium betonów /
_cJerzy Piasta.
260 _aKielce :
_bPŚ,
_c1978.
300 _a236 s. :
_bil., tab., wykr. ;
_c20 cm.
336 _2rdacontent
_aTekst
_btxt
337 _2rdamedia
_aBez urządzenia pośredniczącego
_bn
338 _2rdacarrier
_aWolumin
_bnc
380 _aKsiążki
380 _aPublikacje dydaktyczne
385 _mPoziom nauczania
_aSzkoły wyższe
388 _a1901-2000
388 _a1945-1989
490 1 _aSkrypty Uczelniane Politechniki Świętokrzyskiej ;
_vnr 56
504 _aBibliogr. s. 232-234.
650 7 _aBeton
_2DBN
650 7 _aTechnologia
655 7 _aPodręczniki akademickie
_2DBN
658 _aArchitektura i budownictwo
710 2 _aPolitechnika Świętokrzyska
830 0 _aSkrypty Uczelniane Politechniki Świętokrzyskiej ;
_vnr 56
856 _uhttp://koha.tu.koszalin.pl/cgi-bin/koha/opac-detail.pl?biblionumber=21480
_yKatalog online BPK
942 _2UKD
_cKS
999 _c21480
_d21480